000 00878nam a2200217Ia 4500
003 GCL
008 140319s9999 xx 000 0 ara d
040 _aGCL /
_cGCL
082 0 4 _a243
_bج ت
100 1 _aابن الجوزى : ابوالفرج جمال الدين عبدالرحمن بن على بن محمد بن على القرشى البغدادى
245 1 0 _aتلبيس ابليس /
_cابن الجوزى : ابوالفرج جمال الدين عبدالرحمن بن على بن محمد بن على القرشى البغدادى
700 1 _aالسيد العربى
260 _aالقاهرة :
_bمكتبة الايمان للطبع والنشر والتوزيع
300 _a427 ص ؛
_c24 سم
490 _a
650 0 4 _aالاسلام
650 0 4 _aابليس
650 0 4 _aالحديث النبوى
650 0 4 _aالقران
942 _2ddc
_cBK
999 _c30181
_d30181